Normal view
MARC view
Entry Personal Name
001 - CONTROL NUMBER
- control field: 89375
003 - CONTROL NUMBER IDENTIFIER
- control field: dpl
005 - DATE AND TIME OF LATEST TRANSACTION
- control field: 20260612161526.0
008 - FIXED-LENGTH DATA ELEMENTS
- fixed length control field: 260612|| aca||aabn | a|a d
040 ## - CATALOGING SOURCE
- Original cataloging agency: dpl
- Transcribing agency: dpl
100 ## - HEADING--PERSONAL NAME
- Personal name: Kulandaisamy L
670 ## - SOURCE DATA FOUND
- Source citation: Work cat.: (dpl)216632: Kulandaisamy L, The Gospels An Epiphany:, 2023
